<?xml version="1.0" encoding="UTF-8"?>
<record
    xmlns:xsi="http://www.w3.org/2001/XMLSchema-instance"
    xsi:schemaLocation="http://www.loc.gov/MARC21/slim http://www.loc.gov/standards/marcxml/schema/MARC21slim.xsd"
    xmlns="http://www.loc.gov/MARC21/slim">

  <leader>01760    a2200229   4500</leader>
  <controlfield tag="001">11450</controlfield>
  <controlfield tag="003">IN-BhIIT</controlfield>
  <controlfield tag="005">20260424160548.0</controlfield>
  <controlfield tag="008">260317b        |||||||| |||| 00| 0 eng d</controlfield>
  <datafield tag="020" ind1=" " ind2=" ">
    <subfield code="a">9780143452744 (pbk.)</subfield>
  </datafield>
  <datafield tag="040" ind1=" " ind2=" ">
    <subfield code="a">IN-BhIIT</subfield>
  </datafield>
  <datafield tag="041" ind1=" " ind2=" ">
    <subfield code="a">eng</subfield>
  </datafield>
  <datafield tag="082" ind1=" " ind2=" ">
    <subfield code="a">294.544</subfield>
    <subfield code="b">DAS/A</subfield>
  </datafield>
  <datafield tag="100" ind1=" " ind2=" ">
    <subfield code="a">Das, Gauranga </subfield>
    <subfield code="e">Author</subfield>
    <subfield code="9">24355</subfield>
  </datafield>
  <datafield tag="245" ind1=" " ind2=" ">
    <subfield code="a">The art of focus : </subfield>
    <subfield code="b">45 stories ti uplift the mind and transform thr heart /</subfield>
    <subfield code="c">Gauranga Das.</subfield>
  </datafield>
  <datafield tag="260" ind1=" " ind2=" ">
    <subfield code="a">Gurugram :</subfield>
    <subfield code="b">Penguin Ananda,</subfield>
    <subfield code="c">2022.</subfield>
  </datafield>
  <datafield tag="300" ind1=" " ind2=" ">
    <subfield code="a">xv, 264 p. :</subfield>
    <subfield code="b">ill. ;</subfield>
    <subfield code="c">22 cm.</subfield>
  </datafield>
  <datafield tag="520" ind1=" " ind2=" ">
    <subfield code="a">The Covid-19 pandemic has transformed the world we live in, more so than all the recent events put together. The pandemic has made humans question certain assumptions, relook at priorities and adjust life according to the new normal in the twenty-first century. As we take stock of the life ahead, beyond this cusp of change, focus emerges as the fulcrum to help ease this transformation. The Art of Focus, the second book in this three-part series, presents forty-five simple stories filled with revelations to enthral readers with learnings from the experiences of the protagonists and the dynamics of the situations that manifested in their lives. The first book in the series, The Art of Resilience, presented ingredients to the readers to help them inculcate resilience in challenging situations that manifested at the start of the Covid-19 pandemic. TheArt of Focus builds on the first book and inspires the resilient heart to develop a focused mind. This collective presentation will better equip the readers to take charge of their lives and adapt to the new normal effectively.</subfield>
  </datafield>
  <datafield tag="650" ind1=" " ind2=" ">
    <subfield code="a">Religions</subfield>
    <subfield code="x">Religious life.</subfield>
    <subfield code="9">27556</subfield>
  </datafield>
  <datafield tag="650" ind1=" " ind2=" ">
    <subfield code="a">Religious life</subfield>
    <subfield code="x">Hinduism.</subfield>
    <subfield code="9">27557</subfield>
  </datafield>
  <datafield tag="942" ind1=" " ind2=" ">
    <subfield code="c">GB</subfield>
  </datafield>
  <datafield tag="999" ind1=" " ind2=" ">
    <subfield code="c">15445</subfield>
    <subfield code="d">15445</subfield>
  </datafield>
  <datafield tag="952" ind1=" " ind2=" ">
    <subfield code="0">0</subfield>
    <subfield code="1">0</subfield>
    <subfield code="2">ddc</subfield>
    <subfield code="4">0</subfield>
    <subfield code="7">0</subfield>
    <subfield code="8">GEN</subfield>
    <subfield code="a">CLIITBBS</subfield>
    <subfield code="b">CLIITBBS</subfield>
    <subfield code="d">2026-02-26</subfield>
    <subfield code="e">22</subfield>
    <subfield code="g">187.50</subfield>
    <subfield code="l">0</subfield>
    <subfield code="o">294.544 DAS/A</subfield>
    <subfield code="p">11450</subfield>
    <subfield code="r">2026-02-26 00:00:00</subfield>
    <subfield code="v">250.00</subfield>
    <subfield code="w">2026-02-26</subfield>
    <subfield code="y">GEN</subfield>
  </datafield>
</record>
